<?xml version="1.0" encoding="UTF-8"?>
<record
    xmlns:xsi="http://www.w3.org/2001/XMLSchema-instance"
    xsi:schemaLocation="http://www.loc.gov/MARC21/slim http://www.loc.gov/standards/marcxml/schema/MARC21slim.xsd"
    xmlns="http://www.loc.gov/MARC21/slim">

  <leader>00732nam a22001577a 4500</leader>
  <controlfield tag="003">OSt</controlfield>
  <controlfield tag="005">20150916162811.0</controlfield>
  <controlfield tag="008">150916b        xxu||||| |||| 00| 0 eng d</controlfield>
  <datafield tag="040" ind1=" " ind2=" ">
    <subfield code="c">RUA</subfield>
  </datafield>
  <datafield tag="082" ind1=" " ind2=" ">
    <subfield code="a">AGR SAR 1999 BOO25 Or.1</subfield>
  </datafield>
  <datafield tag="100" ind1=" " ind2=" ">
    <subfield code="9">613</subfield>
    <subfield code="a">SAR, SAVANNARA</subfield>
  </datafield>
  <datafield tag="245" ind1=" " ind2=" ">
    <subfield code="a">Timing of introgen fertilizer application for santephap 3varety in case of toul samrong station, battambang province,(&#x1796;&#x17C1;&#x179B;&#x179C;&#x17C1;&#x179B;&#x17B6;&#x1793;&#x17C3;&#x1780;&#x17B6;&#x179A;&#x178A;&#x17B6;&#x1780;&#x17CB;&#x1787;&#x17B8;&#x17A2;&#x17B6;&#x179F;&#x17BC;&#x178F;&#x179B;&#x17BE;&#x178A;&#x17C6;&#x178E;&#x17B6;&#x17C6;&#x179F;&#x17D2;&#x179A;&#x17BC;&#x179C;&#x179F;&#x1793;&#x17D2;&#x178F;&#x17B7;&#x1797;&#x17B6;&#x1796; &#x17E3; &#x1793;&#x17C5;&#x179F;&#x17D2;&#x1790;&#x17B6;&#x1793;&#x17B8;&#x17CD;&#x1799;&#x17CD;&#x1796;&#x17B7;&#x179F;&#x17C4;&#x1792;&#x1793;&#x17CD;&#x1791;&#x17BC;&#x179B;&#x179F;&#x1798;&#x179A;&#x17C4;&#x1784;&#x200B;&#x1781;&#x17C1;&#x178F;&#x17D2;&#x178F;&#x1794;&#x17B6;&#x178F;&#x17CB;&#x178A;&#x17C6;&#x1794;&#x1784;)</subfield>
  </datafield>
  <datafield tag="260" ind1=" " ind2=" ">
    <subfield code="a">phnom phen</subfield>
    <subfield code="b">RUA</subfield>
    <subfield code="c">1999</subfield>
  </datafield>
  <datafield tag="300" ind1=" " ind2=" ">
    <subfield code="a">46p.</subfield>
    <subfield code="b">ill.</subfield>
    <subfield code="c">29cm.</subfield>
  </datafield>
  <datafield tag="942" ind1=" " ind2=" ">
    <subfield code="2">ddc</subfield>
    <subfield code="c">AGR</subfield>
  </datafield>
  <datafield tag="999" ind1=" " ind2=" ">
    <subfield code="c">588</subfield>
    <subfield code="d">588</subfield>
  </datafield>
  <datafield tag="952" ind1=" " ind2=" ">
    <subfield code="0">0</subfield>
    <subfield code="1">0</subfield>
    <subfield code="2">ddc</subfield>
    <subfield code="4">0</subfield>
    <subfield code="6">AGR_SAR_1999_000000000000000_BOO25_OR_1</subfield>
    <subfield code="7">0</subfield>
    <subfield code="9">2691</subfield>
    <subfield code="a">LBB</subfield>
    <subfield code="b">LBB</subfield>
    <subfield code="c">B025</subfield>
    <subfield code="d">2015-09-16</subfield>
    <subfield code="l">1</subfield>
    <subfield code="o">AGR SAR 1999 BOO25 Or.1</subfield>
    <subfield code="p">RUA003217</subfield>
    <subfield code="r">2023-09-18</subfield>
    <subfield code="s">2023-09-12</subfield>
    <subfield code="w">2015-09-16</subfield>
    <subfield code="y">AGR</subfield>
  </datafield>
  <datafield tag="952" ind1=" " ind2=" ">
    <subfield code="0">0</subfield>
    <subfield code="1">0</subfield>
    <subfield code="2">ddc</subfield>
    <subfield code="4">0</subfield>
    <subfield code="6">AGR_SAR_1999_000000000000000_BOO25_OR_2</subfield>
    <subfield code="7">0</subfield>
    <subfield code="9">2692</subfield>
    <subfield code="a">LBB</subfield>
    <subfield code="b">LBB</subfield>
    <subfield code="c">B025</subfield>
    <subfield code="d">2015-09-16</subfield>
    <subfield code="o">AGR SAR 1999 BOO25 Or.2</subfield>
    <subfield code="p">RUA003361</subfield>
    <subfield code="r">2015-09-16</subfield>
    <subfield code="w">2015-09-16</subfield>
    <subfield code="y">AGR</subfield>
  </datafield>
</record>
